Tesori d'arte a Venezia (Record n. 77010)

Dettagli MARC
000 -LEADER
fixed length control field 01138nam a2200277Ia 4500
001 - CONTROL NUMBER
control field K0287
003 - CONTROL NUMBER IDENTIFIER
control field IT-RoPAU
008 - FIXED-LENGTH DATA ELEMENTS--GENERAL INFORMATION
fixed length control field 130308s9999 xx 000 0 und d
040 ## - CATALOGING SOURCE
Original cataloging agency IT-RoPAU
040 ## - CATALOGING SOURCE
Transcribing agency IT-RoPAU
041 ## - LANGUAGE CODE
Language code of text/sound track or separate title ITALIANO
100 ## - MAIN ENTRY--PERSONAL NAME
Personal name AA.VV.
100 ## - MAIN ENTRY--PERSONAL NAME
Miscellaneous information Codice Aut. SPICS: 12000
245 ## - TITLE STATEMENT
Title Tesori d'arte a Venezia
245 ## - TITLE STATEMENT
Remainder of title Tesori d'arte a Venezia
250 ## - EDITION STATEMENT
Edition statement 1a ed.
260 ## - PUBLICATION, DISTRIBUTION, ETC. (IMPRINT)
Name of publisher, distributor, etc. s.e. (senza Editrice o non identificata)
260 ## - PUBLICATION, DISTRIBUTION, ETC. (IMPRINT)
Date of publication, distribution, etc. 1974 [1° Ed.:1974 - Ed.Ling.Originale:1974]
300 ## - PHYSICAL DESCRIPTION
Extent "226 p. (prefazione: no ; testo: 226 [pagine: 0-0])"
500 ## - GENERAL NOTE
General note Mostra mercato dell'Antiquariato Tenutasi a Venezia, palazzo Grassi, 24 Agosto 15 settembre 1974. 211 Illustrazioni a Colori e in bianco e Nero degli Oggetti Esposti.
650 ## - SUBJECT ADDED ENTRY--TOPICAL TERM
Topical term or geographic name as entry element STORIA DELLE ARTI VISIVE
650 ## - SUBJECT ADDED ENTRY--TOPICAL TERM
Relator term Codice materia Spics: 5008
942 ## - ADDED ENTRY ELEMENTS (KOHA)
Koha item type LIBRO
957 ## -
-- 1
999 ## - SYSTEM CONTROL NUMBERS (KOHA)
-- 1
Dati di copia
Withdrawn status Lost status Damaged status Not for loan Home library Current library Date acquired Total Checkouts Full call number Date last seen Price effective from Koha item type Public note
    Buone Condizioni Not For Loan SPICS-MEDIATECA SPICS-MEDIATECA 08/03/2013   K0287 08/03/2013 08/03/2013 LIBRO Progressivo inserimento: 22007 / N. Volumi: 1 Copie: 1 / data import: 1 marzo 2013 - By Epidotti, Trombetti, Vaglietti.
CREDITS: SOCIETA' SAN PAOLO Via A.Severo, 58 - ROMA (RM) & PERIODICI SAN PAOLO SRL Via Giotto, 36 MILANO & CISF Via Giotto, 36 MILANO & EDIZIONI SAN PAOLO SRL,  Piazza Soncino, 5 CINISELLO BALSAMO (MI) -- ITALY